000 00662nam a2200229 a 4500
005 20230602063743.0
008 090521s2005 mx r 000 0 spa d
020 _a9706886249
020 _a9687791764
035 _aUPN01000170541
049 _aCG
050 4 _aPQ7298.17 A7.3
_bD5.74
100 1 _aGarcía Esperón, María,
_d1964-
_931915
245 1 3 _aEl disco del tiempo /
_cMaría García Esperón.
260 _aMéxico :
_bSM,
_c2005.
300 _a277 p.
440 3 _aEl barco de vapor ;
_v8
650 4 _aNovela mexicana
_94557
650 0 _aHistorias de aventuras
_94131
650 4 _aARQUEOLOGIA -
_vLITERATURA JUVENIL
_94726
905 _aLibro
999 _c142646
_d142646